Statistics for Most followed Instagram accounts

Click here to take the quiz!

General Stats

  • This quiz has been taken 18 times
  • The average score is 9 of 15

Answer Stats

HintAnswer% Correct
591 M (athlete)Christiano Ronaldo
94%
464 M (athlete)Lionel Messi
89%
647 M (corporate)Instagram
83%
360 M (socialite)Kim Kardashian
72%
292 M (musician)Justin Bieber
67%
312 M (musician)Beyonce
61%
395 M (socialite)Kylie Jenner
61%
423 M (musican)Selena Gomez
61%
385 M (actor)The Rock
61%
264 M (musican)Taylor Swift
56%
291 M (socialite)Kendall Jenner
50%
375 M (musician)Ariana Grande
39%
309 M (socialite)Khloe Kardashian
39%
279 M (media)National Geographic
17%
298 M (corporate)Nike
17%

Score Distribution

Percentile by Number Answered

Percent of People with Each Score

Your Score History

You have not taken this quiz